书目信息 |
| 题名: |
中国城市化进程
|
|
| 作者: | 严书翰 , 张志强 著 | |
| 分册: | ||
| 出版信息: | 北京 中国水利水电出版社 2006.02 |
|
| 页数: | 372页 | |
| 开本: | 123cm | |
| 丛书名: | 全面建设小康社会研究报告集 | |
| 单 册: | ||
| 中图分类: | F299.21 | |
| 科图分类: | ||
| 主题词: | 城市化--cheng shi hua--研究--中国 | |
| 电子资源: | ||
| ISBN: | 7-5084-3555-9 | |
| 000 | 01029nam 2200265 450 | |
| 001 | 012006598921 | |
| 005 | 20060418081357.92 | |
| 010 | @a7-5084-3555-9@dCNY39.80 | |
| 100 | @a20060418d2006 km y0chiy0120 ea | |
| 101 | 0 | @achi |
| 102 | @aCN@b110000 | |
| 105 | @aa a 000yy | |
| 200 | 1 | @a中国城市化进程@Azhong guo cheng shi hua jin cheng@f严书翰, 张志强等著@Fyan shu han,zhang zhi qiang deng zhu |
| 210 | @a北京@c中国水利水电出版社@d2006.02 | |
| 215 | @a372页@c图@d123cm | |
| 225 | 2 | @a全面建设小康社会研究报告集@Aquan mian jian she xiao kang she hui yan jiu bao gao ji |
| 320 | @a有书目 (第367-370页) | |
| 330 | @a本书总结了城市化进程中的成功经验,分析了当前存在的问题和制约因素,对走中国特色的城市化道路提出了思考和建议,具有很强的时政性和针对性。 | |
| 410 | 0 | @12001 @a全面建设小康社会研究报告集 |
| 606 | 0 | @a城市化@Acheng shi hua@x研究@y中国 |
| 690 | @aF299.21@v4 | |
| 701 | 0 | @a严书翰@Ayan shu han@4著 |
| 701 | 0 | @a张志强@Azhang zhi qiang@4著 |
| 801 | 0 | @aCN@bQSSK@c20060418 |
| 905 | @a10447@dF299.21@eY061 | |
| 中国城市化进程/严书翰, 张志强等著.-北京:中国水利水电出版社,2006.02 |
| 372页:图;123cm.-(全面建设小康社会研究报告集) |
| ISBN 7-5084-3555-9:CNY39.80 |
| 本书总结了城市化进程中的成功经验,分析了当前存在的问题和制约因素,对走中国特色的城市化道路提出了思考和建议,具有很强的时政性和针对性。 |
| ● |
| 相关链接 |
|
|
|
正题名:中国城市化进程
索取号:F299.21/Y061
 
预约/预借
| 序号 | 登录号 | 条形码 | 馆藏地/架位号 | 状态 | 备注 |
| 1 | 558192 | 205581921 | 社科二线422/409社科库 112排1列6层/ [索取号:F299.21/Y061] | 在馆 | |
| 2 | 558193 | 205581930 | 社科库409/409社科库 112排2列4层/ [索取号:F299.21/Y061] | 在馆 | |
| 3 | 558194 | 205581949 | 社科库409/409社科库 50排3列2层/ [索取号:F299.21/Y061] | 在馆 |